Spark : (Record no. 196907)

MARC details
000 -LEADER
fixed length control field 00779nam a2200241Ia 4500
003 - CONTROL NUMBER IDENTIFIER
control field OSt
005 - DATE AND TIME OF LATEST TRANSACTION
control field 20251023151757.0
008 - FIXED-LENGTH DATA ELEMENTS--GENERAL INFORMATION
fixed length control field 210716s2018 xx 000 0 und d
020 ## - INTERNATIONAL STANDARD BOOK NUMBER
International Standard Book Number 9789352137060
040 ## - CATALOGING SOURCE
Transcribing agency AIMIT LIBRARY
041 ## - LANGUAGE CODE
Language code of text/sound track or separate title eng
082 ## - DEWEY DECIMAL CLASSIFICATION NUMBER
Classification number 005.76821
Edition number 1
Item number CHAB
100 ## - MAIN ENTRY--PERSONAL NAME
Personal name Chambers, Bill.
9 (RLIN) 242576
245 ## - TITLE STATEMENT
Title Spark :
Remainder of title Definitive guide /
Statement of responsibility, etc. By Bill Chamberra and Matei Zaharia.
250 ## - EDITION STATEMENT
Edition statement 1st ed.
260 ## - PUBLICATION, DISTRIBUTION, ETC.
Place of publication, distribution, etc. New Delhi :
Name of publisher, distributor, etc. Shroff Publications and Distributers Pvt Ltd ,
Date of publication, distribution, etc. 2018.
300 ## - PHYSICAL DESCRIPTION
Extent xxvi,574p. ;
Other physical details PB
Dimensions 23.7 cm
650 ## - SUBJECT ADDED ENTRY--TOPICAL TERM
Topical term or geographic name entry element Gentle overview if big data and spark
9 (RLIN) 242577
650 ## - SUBJECT ADDED ENTRY--TOPICAL TERM
Topical term or geographic name entry element Low- level API s
9 (RLIN) 242578
650 ## - SUBJECT ADDED ENTRY--TOPICAL TERM
Topical term or geographic name entry element Production application
9 (RLIN) 242579
700 ## - ADDED ENTRY--PERSONAL NAME
Personal name Zaharia, Matei.
9 (RLIN) 242580
942 ## - ADDED ENTRY ELEMENTS (KOHA)
Source of classification or shelving scheme Dewey Decimal Classification
Koha item type Book
Edition 1st
Call number prefix 005.76821 CHAB
Holdings
Withdrawn status Lost status Source of classification or shelving scheme Damaged status Not for loan Collection code Home library Current library Source of acquisition Cost, normal purchase price Inventory number Total Checkouts Full call number Barcode Date last seen Date last checked out Cost, replacement price Price effective from Koha item type
    Dewey Decimal Classification     MCA St Aloysius Institute of Management & Information Technology St Aloysius Institute of Management & Information Technology Shroff Publishers 1600.00 Bill no:1454; Bill dt:2019-02-11 1 005.76821 CHAB MCA16422 05/23/2026 09/04/2025 1200.00 07/16/2021 Book